[Event "FIDE World Blitz-ch Women 2018"]
[Site "St. Petersburg"]
[Date "2018.12.29"]
[Round "6.22"]
[White "Nomin-Erdene, Davaademberel"]
[Black "Khotenashvili, Bela"]
[Result "0-1"]
[WhiteElo "2376"]
[BlackElo "2479"]
[Annotator "RC"]
[PlyCount "68"]
[EventDate "2018.12.19"]
[EventType "swiss"]
[EventCountry "RUS"]
[SourceTitle "playchess.com"]
[Source "ChessBase"]
[SourceQuality "1"]

1. e4 c6 2. d4 g6 3. Nc3 Bg7 4. Bc4 e6 5. Bb3 d5 6. Nf3 Nh6 7. Bg5 f6 8. Bd2 Nf7 9. Qe2 O-O 10. h4 b5 11. h5 g5 12. e5 h6 13. exf6 Qxf6 14. Nd1 a5 15. c3 Ba6 16. Bc2 b4 17. Bd3 Bxd3 18. Qxd3 e5 19. dxe5 Nxe5 20. Nxe5 Qxe5+ 21. Ne3 Na6 22. O-O Nc5 23. Qg6 Rf6 24. Ng4 Rxg6 25. Nxe5 Re6 26. Ng4 Re2 27. Rad1 Ne4 28. Be3 Rxb2 29. cxb4 axb4 30. Rc1 Ra6 31. f3 Ng3 32. Rf2 Ne2+ 33. Kh2 Nxc1 34. Rxb2 Bxb2 0-1

[Event "FIDE World Blitz-ch Women 2018"]
[Site "St. Petersburg"]
[Date "2018.12.29"]
[Round "6.23"]
[White "Badelka, Olga"]
[Black "Vo, Thi Kim Phung"]
[Result "0-1"]
[WhiteElo "2385"]
[BlackElo "2352"]
[Annotator "NA"]
[PlyCount "50"]
[EventDate "2018.12.19"]
[EventType "swiss"]
[EventCountry "RUS"]
[SourceTitle "playchess.com"]
[Source "ChessBase"]
[SourceQuality "1"]

1. d4 Nf6 2. c4 e6 3. Nc3 d5 4. cxd5 exd5 5. Bg5 c6 6. e3 Be6 7. Bd3 Nbd7 8. Qc2 h6 9. Bh4 Bd6 10. Nge2 O-O 11. Bg3 Qb8 12. O-O Rc8 13. Nf4 Nf8 14. Rad1 a6 15. f3 b5 16. e4 Bxf4 17. e5 Bxg3 18. hxg3 N6d7 19. f4 Bg4 20. f5 Bxd1 21. Qxd1 Qb6 22. Qg4 Nxe5 23. Qh4 Nxd3 24. f6 Ne6 25. fxg7 Qxd4+ 0-1

[Event "FIDE World Blitz-ch Women 2018"]
[Site "St. Petersburg"]
[Date "2018.12.29"]
[Round "6.24"]
[White "Dordzhieva, Dinara"]
[Black "Shafigullina, Zarina"]
[Result "0-1"]
[WhiteElo "2340"]
[BlackElo "2140"]
[Annotator "NA"]
[PlyCount "68"]
[EventDate "2018.12.19"]
[EventType "swiss"]
[EventCountry "RUS"]
[SourceTitle "playchess.com"]
[Source "ChessBase"]
[SourceQuality "1"]

1. Nf3 Nf6 2. c4 e6 3. g3 b6 4. Bg2 Bb7 5. O-O c5 6. b3 Be7 7. Bb2 Nc6 8. e3 d5 9. Nc3 O-O 10. cxd5 exd5 11. d4 Rc8 12. Rc1 Ba6 13. Re1 Nb4 14. Ne5 Bd6 15. a3 Bxe5 16. dxe5 Nd3 17. exf6 Nxb2 18. Qg4 Qxf6 19. Nxd5 Qe5 20. f4 Qd6 21. Red1 Nxd1 22. Rxd1 Rcd8 23. e4 Kh8 24. Re1 Bb7 25. e5 Qb8 26. Ne7 Bxg2 27. Kxg2 Qb7+ 28. Qf3 Qxe7 29. f5 Rd2+ 30. Kg1 Rfd8 31. Rf1 R2d3 32. Qf4 Rxb3 33. f6 gxf6 34. exf6 Qe3+ 0-1

[Event "FIDE World Blitz-ch Women 2018"]
[Site "St. Petersburg"]
[Date "2018.12.29"]
[Round "6.25"]
[White "Mamedjarova, Turkan"]
[Black "Semenova, Elena"]
[Result "0-1"]
[WhiteElo "2295"]
[BlackElo "2260"]
[Annotator "NA"]
[PlyCount "102"]
[EventDate "2018.12.19"]
[EventType "swiss"]
[EventCountry "RUS"]
[SourceTitle "playchess.com"]
[Source "ChessBase"]
[SourceQuality "1"]

1. d4 d5 2. Nf3 Nf6 3. Bg5 Ne4 4. Bf4 e6 5. e3 Bd6 6. c3 Nd7 7. Bd3 O-O 8. O-O Bxf4 9. exf4 c5 10. Bxe4 dxe4 11. Ne5 cxd4 12. Qxd4 Nxe5 13. Qxe5 Qd5 14. Re1 Bd7 15. Qxe4 Qxe4 16. Rxe4 Bc6 17. Re1 Rfd8 18. Na3 Rd2 19. Nc4 Rc2 20. Rac1 Rxc1 21. Rxc1 Bd5 22. Ne3 Bxa2 23. c4 Bb3 24. Ra1 a5 25. f5 exf5 26. Nxf5 Bxc4 27. Nd6 Bd5 28. Rc1 Bc6 29. h4 Kf8 30. Re1 Rd8 31. Nc4 a4 32. Rc1 Rd3 33. Ne5 Rb3 34. Rc2 Bd5 35. Re2 g6 36. g4 b5 37. g5 Rh3 38. f3 Be6 39. Rd2 Rxh4 40. Rd8+ Kg7 41. Nc6 Rh5 42. f4 h6 43. gxh6+ Rxh6 44. Kf2 Rh2+ 45. Kg3 Rxb2 46. Rb8 Rb3+ 47. Kf2 a3 48. Ra8 Rb2+ 49. Ke3 a2 50. Kd4 Rb1 51. f5 gxf5 0-1

[Event "FIDE World Blitz-ch Women 2018"]
[Site "St. Petersburg"]
[Date "2018.12.29"]
[Round "6.26"]
[White "Belenkaya, Dina"]
[Black "Mirzoeva, Elmira"]
[Result "0-1"]
[WhiteElo "2338"]
[BlackElo "2281"]
[Annotator "NA"]
[PlyCount "64"]
[EventDate "2018.12.19"]
[EventType "swiss"]
[EventCountry "RUS"]
[SourceTitle "playchess.com"]
[Source "ChessBase"]
[SourceQuality "1"]

1. e4 d6 2. d4 Nf6 3. Bd3 e5 4. Nf3 Nc6 5. dxe5 Nxe5 6. Nxe5 dxe5 7. O-O Be7 8. b3 c6 9. Bb2 Qc7 10. Nd2 O-O 11. Nc4 Nd7 12. a4 a5 13. Qe2 f6 14. Ne3 Nc5 15. Bc4+ Kh8 16. Nf5 Bd8 17. Ba3 b6 18. Rad1 g6 19. Nd6 Be7 20. Nxc8 Raxc8 21. Qe3 Kg7 22. Rd2 Rcd8 23. Rfd1 Rxd2 24. Rxd2 Rd8 25. Bc1 Rxd2 26. Bxd2 Qd8 27. f3 Nxa4 28. Qh6+ Kh8 29. Bf7 Bf8 30. Qe3 Bc5 31. h4 Qxd2 32. Kh2 Qxe3 0-1

[Event "FIDE World Blitz-ch Women 2018"]
[Site "St. Petersburg"]
[Date "2018.12.29"]
[Round "6.27"]
[White "Garifullina, Leya"]
[Black "Nakhbayeva, Guliskhan"]
[Result "1-0"]
[WhiteElo "2132"]
[BlackElo "2371"]
[Annotator "NA"]
[PlyCount "99"]
[EventDate "2018.12.19"]
[EventType "swiss"]
[EventCountry "RUS"]
[SourceTitle "playchess.com"]
[Source "ChessBase"]
[SourceQuality "1"]

1. e4 e6 2. d4 d5 3. Nc3 Bb4 4. e5 c5 5. a3 Ba5 6. b4 cxd4 7. Qg4 Ne7 8. bxa5 dxc3 9. Qxg7 Rg8 10. Qxh7 Nbc6 11. Nf3 Qc7 12. Bf4 Bd7 13. Bg3 Qxa5 14. Qd3 O-O-O 15. Be2 d4 16. O-O Nf5 17. Qe4 Nce7 18. Nxd4 Qa4 19. Nxf5 Qxe4 20. Nxe7+ Kc7 21. Bf3 Qc4 22. Nxg8 Rxg8 23. Rfd1 Ba4 24. Rab1 b6 25. Rb4 Qa6 26. Rd3 Rd8 27. Rxc3+ Kb8 28. Bh4 Rd7 29. Rbc4 Bb5 30. Rg4 Rc7 31. Rg8+ Rc8 32. Rgxc8+ Qxc8 33. Rxc8+ Kxc8 34. Be7 Kd7 35. Bd6 a5 36. h4 Ba4 37. Be4 f5 38. Bd3 Kc8 39. h5 Be8 40. h6 Bg6 41. g4 Kd7 42. gxf5 exf5 43. Kg2 Ke6 44. Bc4+ Kd7 45. Kg3 Bh7 46. Kf4 Kd8 47. Kg5 Kd7 48. f4 a4 49. Kf6 Kc6 50. Kg7 1-0

[Event "FIDE World Blitz-ch Women 2018"]
[Site "St. Petersburg"]
[Date "2018.12.29"]
[Round "6.28"]
[White "Arutyunova, Diana"]
[Black "Borisova, Ekaterina"]
[Result "0-1"]
[WhiteElo "2227"]
[BlackElo "2244"]
[Annotator "NA"]
[PlyCount "46"]
[EventDate "2018.12.19"]
[EventType "swiss"]
[EventCountry "RUS"]
[SourceTitle "playchess.com"]
[Source "ChessBase"]
[SourceQuality "1"]

1. e4 c5 2. Nf3 d6 3. d4 cxd4 4. Nxd4 Nf6 5. Nc3 Nc6 6. Be2 e6 7. Be3 Be7 8. O-O a6 9. a4 O-O 10. f4 Qc7 11. Qd2 Re8 12. a5 Nxa5 13. e5 dxe5 14. fxe5 Qxe5 15. Bf4 Qc5 16. b4 Qxb4 17. Rfb1 Nc4 18. Qd3 Nb2 19. Qe3 Bc5 20. Be5 Nd5 21. Qg3 Bxd4+ 22. Kh1 Bxe5 23. Qxe5 Qxc3 0-1

[Event "FIDE World Blitz-ch Women 2018"]
[Site "St. Petersburg"]
[Date "2018.12.29"]
[Round "6.29"]
[White "Kovanova, Baira"]
[Black "Stefanova, Antoaneta"]
[Result "0-1"]
[WhiteElo "2352"]
[BlackElo "2486"]
[Annotator "ChessBase"]
[PlyCount "102"]
[EventDate "2018.12.19"]
[EventType "swiss"]
[EventCountry "RUS"]
[SourceTitle "playchess.com"]
[Source "ChessBase"]
[SourceQuality "1"]

1. Nf3 d5 2. g3 g6 3. Bg2 Bg7 4. O-O e5 5. d3 Nc6 6. Nbd2 Nge7 7. e4 O-O 8. Re1 d4 9. Qe2 h6 10. c3 Be6 11. cxd4 Nxd4 12. Nxd4 Qxd4 13. Nf3 Qd6 14. Be3 c5 15. Nd2 b6 16. Nc4 Qd7 17. a4 Rad8 18. Red1 Nc6 19. a5 b5 20. Na3 Nd4 21. Bxd4 cxd4 22. Nc2 h5 23. Nb4 Rc8 24. Nd5 Rc6 25. Nb4 Rc5 26. Na6 Rcc8 27. Nb4 Qd6 28. Nd5 Rc6 29. Qd2 Rfc8 30. Qg5 Bxd5 31. exd5 Rc2 32. Rab1 b4 33. Re1 b3 34. h4 Kh7 35. Be4 Kg8 36. g4 hxg4 37. h5 gxh5 38. Qxh5 Qf6 39. Bf5 Rd8 40. Qxg4 Rxd5 41. Kg2 Qh6 42. Rh1 Qf4 43. Qxf4 exf4 44. Be4 Rxa5 45. Kf3 Ra2 46. Rbg1 Kf8 47. Rh7 Raxb2 48. Rgxg7 Rxf2+ 49. Kg4 Rg2+ 50. Bxg2 Rxg2+ 51. Kxf4 Rxg7 0-1

[Event "FIDE World Blitz-ch Women 2018"]
[Site "St. Petersburg"]
[Date "2018.12.29"]
[Round "6.30"]
[White "Nebolsina, Vera"]
[Black "Javakhishvili, Lela"]
[Result "1/2-1/2"]
[WhiteElo "2242"]
[BlackElo "2464"]
[Annotator "ChessBase"]
[PlyCount "103"]
[EventDate "2018.12.19"]
[EventType "swiss"]
[EventCountry "RUS"]
[SourceTitle "playchess.com"]
[Source "ChessBase"]
[SourceQuality "1"]

1. e4 c5 2. Nc3 e6 3. Nf3 a6 4. g3 b5 5. Bg2 Bb7 6. d3 d6 7. O-O Nf6 8. Re1 Be7 9. e5 dxe5 10. Nxe5 Qc8 11. a4 b4 12. Nb1 O-O 13. Nd2 Bd5 14. Ndc4 Qb7 15. Bxd5 exd5 16. Qf3 Ra7 17. Ne3 Re8 18. Nf5 Bf8 19. Bg5 Nbd7 20. Nxd7 Qxd7 21. Bxf6 Rxe1+ 22. Rxe1 gxf6 23. b3 Kh8 24. Ne3 Qe6 25. Qxd5 Rd7 26. Qa8 Kg7 27. Qf3 Kh8 28. Re2 Re7 29. Kg2 Qe5 30. Kf1 Qa1+ 31. Re1 Qc3 32. Qa8 Kg8 33. Re2 Qa1+ 34. Kg2 Re6 35. h4 Qe5 36. Qf3 Bh6 37. Re1 f5 38. Rg1 Bxe3 39. fxe3 Qxe3 40. Qxe3 Rxe3 41. Kf2 Re5 42. Kf3 Kg7 43. Rg2 Kf6 44. Kf4 Re1 45. Rf2 h5 46. Rg2 Rf1+ 47. Ke3 Ke5 48. Kd2 f4 49. Ke2 Rc1 50. Kf3 Rf1+ 51. Ke2 Rh1 52. Kf3 1/2-1/2

[Event "FIDE World Blitz-ch Women 2018"]
[Site "St. Petersburg"]
[Date "2018.12.29"]
[Round "6.31"]
[White "Tsolakidou, Stavroula"]
[Black "Charochkina, Daria"]
[Result "0-1"]
[WhiteElo "2387"]
[BlackElo "2344"]
[Annotator "NA"]
[PlyCount "59"]
[EventDate "2018.12.19"]
[EventType "swiss"]
[EventCountry "RUS"]
[SourceTitle "playchess.com"]
[Source "ChessBase"]
[SourceQuality "1"]

1. e4 c6 2. d4 d5 3. exd5 cxd5 4. Bd3 Nc6 5. c3 Qc7 6. Ne2 Bg4 7. h3 Bh5 8. O-O Nf6 9. Qe1 e6 10. Nf4 Bg6 11. Nxg6 hxg6 12. b4 Bd6 13. Na3 a6 14. Qe2 Ne7 15. Bd2 O-O 16. Nc2 Nf5 17. a4 Rfe8 18. g4 e5 19. gxf5 e4 20. fxg6 exd3 21. Qxd3 Ne4 22. Ne3 fxg6 23. Nxd5 Qf7 24. c4 g5 25. Kg2 Qh5 26. Rh1 g4 27. Be1 Re6 28. hxg4 Qxg4+ 29. Kf1 Rae8 30. Qh3 0-1

[Event "FIDE World Blitz-ch Women 2018"]
[Site "St. Petersburg"]
[Date "2018.12.29"]
[Round "6.32"]
[White "Murashova, Ekaterina"]
[Black "Tokhirjonova, Gulrukhbegim"]
[Result "1-0"]
[WhiteElo "2259"]
[BlackElo "2444"]
[Annotator "NA"]
[PlyCount "125"]
[EventDate "2018.12.19"]
[EventType "swiss"]
[EventCountry "RUS"]
[SourceTitle "playchess.com"]
[Source "ChessBase"]
[SourceQuality "1"]

1. e4 e5 2. Nf3 Nc6 3. Bc4 Bc5 4. c3 Nf6 5. d3 a6 6. a4 d6 7. O-O h6 8. Na3 O-O 9. Nc2 Be6 10. Bxe6 fxe6 11. Be3 Bxe3 12. Nxe3 Qe7 13. a5 Nd7 14. d4 Rf4 15. g3 Rf7 16. d5 Nd8 17. Nh4 Qg5 18. Kh1 Nc5 19. dxe6 Ndxe6 20. Nhf5 Kh7 21. h4 Qg6 22. f3 Rd8 23. b4 Nd7 24. Qd5 c6 25. Qxd6 Ndc5 26. Qxe5 Nd3 27. Ne7 Rxe7 28. Qf5 Qxf5 29. Nxf5 Red7 30. Kg2 Ne5 31. Rf2 Rd3 32. Rc1 Nc4 33. h5 Ng5 34. Ne7 R8d7 35. Ng6 Ne3+ 36. Kh2 Nd1 37. Rf1 Nxf3+ 38. Kh1 Rd8 39. Nf4 Rd2 40. Rxf3 Nb2 41. Ne6 Re8 42. Nf8+ Kg8 43. Ng6 Nc4 44. Rcf1 Rdd8 45. Kg2 Nd2 46. R1f2 Nxf3 47. Kxf3 Rd3+ 48. Kg2 Rxc3 49. Rd2 Rb3 50. Rd4 Rc3 51. Rd7 Rc4 52. e5 Rxb4 53. e6 Re4 54. e7 Kf7 55. Rxb7 R4xe7 56. Nxe7 Rxe7 57. Rb6 Re5 58. Rxa6 Rc5 59. Rb6 Rc2+ 60. Kh3 c5 61. a6 Ra2 62. Rc6 Rxa6 63. Rxa6 1-0

[Event "FIDE World Blitz-ch Women 2018"]
[Site "St. Petersburg"]
[Date "2018.12.29"]
[Round "6.33"]
[White "Mamedjarova, Zeinab"]
[Black "Assaubayeva, Bibisara"]
[Result "1-0"]
[WhiteElo "2338"]
[BlackElo "2372"]
[Annotator "NA"]
[PlyCount "99"]
[EventDate "2018.12.19"]
[EventType "swiss"]
[EventCountry "RUS"]
[SourceTitle "playchess.com"]
[Source "ChessBase"]
[SourceQuality "1"]

1. d4 Nf6 2. Nf3 g6 3. g3 Bg7 4. Bg2 O-O 5. O-O d6 6. Re1 c5 7. c3 Nc6 8. e4 Bg4 9. h3 Bxf3 10. Bxf3 Nd7 11. Be3 a6 12. Bg2 Rc8 13. f4 cxd4 14. cxd4 Nb4 15. Nc3 Nb6 16. Qb3 a5 17. a3 Na6 18. e5 Nc4 19. Bxb7 Nxe3 20. Bxc8 Qxc8 21. Rxe3 dxe5 22. dxe5 Qxh3 23. Qd5 Rb8 24. Qg2 Qxg2+ 25. Kxg2 Rxb2+ 26. Re2 Rb3 27. Nd5 e6 28. Ne7+ Kf8 29. Nc6 Nc7 30. Nxa5 Rc3 31. Nb7 Nd5 32. a4 Rc7 33. Nd6 f6 34. a5 Ra7 35. a6 Nb4 36. Rb2 Rxa6 37. Rxa6 Nxa6 38. Rb6 Nc5 39. Rc6 Nd3 40. Rc8+ Ke7 41. Rc7+ Kf8 42. exf6 Bxf6 43. Rf7+ Kg8 44. Rxf6 Nc5 45. Rf7 Ne4 46. Rd7 Nf6 47. Re7 Nd5 48. Rxe6 Kg7 49. Re5 Nf6 50. Ne8+ 1-0

[Event "FIDE World Blitz-ch Women 2018"]
[Site "St. Petersburg"]
[Date "2018.12.29"]
[Round "6.34"]
[White "Kabanova, Ekaterina"]
[Black "Savina, Anastasia"]
[Result "0-1"]
[WhiteElo "2095"]
[BlackElo "2334"]
[Annotator "NA"]
[PlyCount "156"]
[EventDate "2018.12.19"]
[EventType "swiss"]
[EventCountry "RUS"]
[SourceTitle "playchess.com"]
[Source "ChessBase"]
[SourceQuality "1"]

1. c4 g6 2. Nf3 Bg7 3. e3 Nf6 4. Qc2 d6 5. Be2 O-O 6. O-O b6 7. d3 Bb7 8. Nbd2 e5 9. Rb1 Re8 10. b4 a5 11. a3 axb4 12. axb4 e4 13. dxe4 Nxe4 14. Bb2 Nd7 15. Bxg7 Kxg7 16. Nb3 Qf6 17. Nbd4 Ne5 18. Nxe5 Rxe5 19. Nf3 Re7 20. h3 Nc3 21. Rb2 Be4 22. Qd2 Nxe2+ 23. Qxe2 Bd3 24. Qxd3 Qxb2 25. Qd5 Ra1 26. Rxa1 Qxa1+ 27. Kh2 Qf6 28. Kg1 Qf5 29. Qd4+ Qf6 30. Qd5 Qc3 31. b5 Qa1+ 32. Kh2 Qf6 33. Kg1 Re8 34. Qc6 Re7 35. h4 Qa1+ 36. Kh2 Qf6 37. Qd5 h6 38. Qc6 Qf5 39. Kg1 Qc5 40. Qa8 Qxc4 41. Qa1+ Kg8 42. h5 Qe6 43. hxg6 Qxg6 44. Qd4 Re8 45. Nh4 Qb1+ 46. Kh2 Qxb5 47. f4 Qh5 48. Kg3 Kh7 49. Nf3 Rg8+ 50. Kf2 Qg6 51. Ne1 Qg3+ 52. Kf1 Qg7 53. Qe4+ Qg6 54. Qc4 c5 55. Qd5 b5 56. f5 Qf6 57. e4 b4 58. Nf3 b3 59. Qxb3 Qa1+ 60. Kf2 Qf6 61. Qc2 Qe7 62. e5 f6 63. e6 Rb8 64. Qe4 Qb7 65. Qg4 Rg8 66. Qh5 Qg7 67. Ne1 c4 68. Kf1 c3 69. Qf3 Qg3 70. Qb7+ Rg7 71. Qc8 Qe3 72. Qc4 Qe5 73. Qa2 Qxf5+ 74. Kg1 Qe5 75. Kf1 Qf5+ 76. Kg1 Qe4 77. Qb3 Qxe1+ 78. Kh2 Qg3+ 0-1

[Event "FIDE World Blitz-ch Women 2018"]
[Site "St. Petersburg"]
[Date "2018.12.29"]
[Round "6.35"]
[White "Maltsevskaya, Aleksandra"]
[Black "Paramzina, Anastasya"]
[Result "1-0"]
[WhiteElo "2243"]
[BlackElo "2229"]
[Annotator "NA"]
[PlyCount "101"]
[EventDate "2018.12.19"]
[EventType "swiss"]
[EventCountry "RUS"]
[SourceTitle "playchess.com"]
[Source "ChessBase"]
[SourceQuality "1"]

1. e4 c5 2. Nf3 d6 3. d4 cxd4 4. Nxd4 Nf6 5. Nc3 a6 6. h3 e6 7. g4 h6 8. Bg2 g5 9. Qe2 Nbd7 10. O-O Be7 11. a4 Qb6 12. Be3 Qc7 13. Rad1 Ne5 14. Bc1 b6 15. f4 gxf4 16. Bxf4 Nfd7 17. Nf3 Nc4 18. Nd5 exd5 19. exd5 Nce5 20. Nxe5 Nxe5 21. Bxe5 dxe5 22. d6 Qc5+ 23. Kh1 Ra7 24. dxe7 Rxe7 25. Rd5 Qc7 26. Rfd1 O-O 27. Rd6 Re6 28. Rxe6 Bxe6 29. b3 Rd8 30. Re1 f6 31. c4 Bc8 32. Qe3 Kg7 33. Rf1 Bb7 34. Qf2 Bxg2+ 35. Qxg2 Rd4 36. Qf2 Qc6+ 37. Kh2 e4 38. Qxd4 Qc7+ 39. Kg2 Qc6 40. Qe3 Kg6 41. Rf4 Qd6 42. Qxe4+ Kg7 43. Qd4 Qe6 44. Rf2 Qc6+ 45. Qd5 Qe8 46. Qb7+ Kg6 47. Qd5 Qe7 48. Qf5+ Kg7 49. Qxf6+ Qxf6 50. Rxf6 Kxf6 51. Kf3 1-0

[Event "FIDE World Blitz-ch Women 2018"]
[Site "St. Petersburg"]
[Date "2018.12.29"]
[Round "6.36"]
[White "Munkhzul, Turmunkh"]
[Black "Tsatsalashvili, Keti"]
[Result "1/2-1/2"]
[WhiteElo "2255"]
[BlackElo "2303"]
[Annotator "NA"]
[PlyCount "159"]
[EventDate "2018.12.19"]
[EventType "swiss"]
[EventCountry "RUS"]
[SourceTitle "playchess.com"]
[Source "ChessBase"]
[SourceQuality "1"]

1. e4 c5 2. Nf3 d6 3. d4 cxd4 4. Nxd4 Nf6 5. Nc3 Bd7 6. Be3 Ng4 7. Bg5 h6 8. Bh4 g5 9. Bg3 Bg7 10. Be2 h5 11. h4 gxh4 12. Bxh4 Nc6 13. Nb3 Bxc3+ 14. bxc3 Qc7 15. Qd2 Nge5 16. Bg3 O-O-O 17. O-O-O Bg4 18. f3 Be6 19. f4 Nc4 20. Qd3 Nb6 21. Rxh5 Bc4 22. Bg4+ f5 23. Bxf5+ e6 24. Bxe6+ Bxe6 25. Rxh8 Rxh8 26. Qxd6 Qxd6 27. Rxd6 Bf7 28. e5 Nc4 29. Rd1 Ne3 30. Rg1 Rg8 31. Bf2 Nxg2 32. f5 Nxe5 33. Bxa7 Nh4 34. Rxg8+ Bxg8 35. Bd4 Nf7 36. f6 Bh7 37. a4 Be4 38. Nc5 Bd5 39. Nd3 Nf5 40. Bf2 N5d6 41. Nf4 Bc4 42. Bd4 Kd7 43. Kb2 Ne4 44. Ka3 Ned6 45. Kb4 Bf1 46. Nd3 Nf5 47. Nc5+ Kc6 48. Bf2 N7d6 49. Ne6 Nh6 50. Be3 Nhf7 51. Nd4+ Kd7 52. Nb5 Ne4 53. Bd4 Nd8 54. Na3 Ne6 55. Be5 Nd8 56. Bd4 Ng5 57. Kb3 Nge6 58. Be5 Nc5+ 59. Kb4 Nce6 60. Bg3 Ng5 61. Nb5 Ne4 62. Bh4 Ke6 63. Nd4+ Kf7 64. Ka5 Nxf6 65. Bxf6 Kxf6 66. Kb6 Bg2 67. a5 Bf1 68. Nb3 Bg2 69. c4 Ke5 70. Kc7 Ne6+ 71. Kb6 Nd4 72. Nxd4 Kxd4 73. c5 Bd5 74. a6 bxa6 75. c3+ Kxc3 76. Kxa6 Kd4 77. Kb6 Ke5 78. c6 Kd6 79. c7 Be6 80. Kb7 1/2-1/2

[Event "FIDE World Blitz-ch Women 2018"]
[Site "St. Petersburg"]
[Date "2018.12.29"]
[Round "6.37"]
[White "Petrova, Irina"]
[Black "Zhukova, Natalia"]
[Result "1-0"]
[WhiteElo "2124"]
[BlackElo "2377"]
[Annotator "NA"]
[PlyCount "91"]
[EventDate "2018.12.19"]
[EventType "swiss"]
[EventCountry "RUS"]
[SourceTitle "playchess.com"]
[Source "ChessBase"]
[SourceQuality "1"]

1. d4 Nf6 2. Bg5 d5 3. Nc3 e6 4. e4 Bb4 5. e5 h6 6. Bd2 Bxc3 7. bxc3 Ne4 8. Qg4 g6 9. h4 c5 10. Bd3 Nxd2 11. Kxd2 Nc6 12. Rh3 Qa5 13. Bxg6 cxd4 14. Bxf7+ Kd8 15. Qg7 dxc3+ 16. Ke1 Nd4 17. Qxh8+ Kc7 18. Kd1 Rb8 19. Qf8 Nf5 20. g4 Bd7 21. Qxb8+ Kxb8 22. gxf5 exf5 23. e6 Ba4 24. e7 Qc5 25. Re3 a6 26. e8=Q+ Bxe8 27. Rxe8+ Ka7 28. Re2 Qd4+ 29. Ke1 Qxh4 30. Rd1 Qg4 31. Kf1 d4 32. Bc4 Qf4 33. Bd5 Qh4 34. Bg2 h5 35. Nf3 Qd8 36. Rxd4 Qb6 37. Rd1 Qb2 38. Re7 Qxc2 39. Rdd7 Qb1+ 40. Ne1 c2 41. Rxb7+ Qxb7 42. Rxb7+ Ka8 43. Rb6+ Ka7 44. Rb7+ Ka8 45. Rc7+ Kb8 46. Rxc2 1-0

[Event "FIDE World Blitz-ch Women 2018"]
[Site "St. Petersburg"]
[Date "2018.12.29"]
[Round "6.38"]
[White "Skripchenko, Almira"]
[Black "Molchanova, Tatjana"]
[Result "1-0"]
[WhiteElo "2408"]
[BlackElo "2245"]
[Annotator "NA"]
[PlyCount "91"]
[EventDate "2018.12.19"]
[EventType "swiss"]
[EventCountry "RUS"]
[SourceTitle "playchess.com"]
[Source "ChessBase"]
[SourceQuality "1"]

1. Nf3 Nf6 2. g3 e6 3. Bg2 Be7 4. O-O O-O 5. d3 d5 6. Nbd2 c6 7. e4 dxe4 8. dxe4 b6 9. Re1 Bb7 10. e5 Nd5 11. c3 c5 12. Ne4 Nd7 13. Qc2 h6 14. a3 c4 15. a4 Nc5 16. Nxc5 Bxc5 17. Nd2 Qc7 18. Qe4 Rac8 19. Qg4 Kh8 20. Nf3 Be7 21. Qh5 Kh7 22. Nd4 Kg8 23. Bxh6 gxh6 24. Qxh6 Rfe8 25. Re4 Nf6 26. exf6 Bxe4 27. Bxe4 Bxf6 28. Qxf6 Qe7 29. Qh6 f5 30. Bf3 Qg7 31. Qh4 Qg6 32. Nb5 Re7 33. Rd1 Rh7 34. Qf4 Qh6 35. Qxh6 Rxh6 36. Nxa7 Rb8 37. Nb5 e5 38. Bd5+ Kf8 39. Bxc4 Ra8 40. b3 e4 41. Rd5 Ke7 42. Rxf5 Rah8 43. h4 Rd8 44. Re5+ Kf8 45. Rxe4 Rd1+ 46. Kg2 1-0

[Event "FIDE World Blitz-ch Women 2018"]
[Site "St. Petersburg"]
[Date "2018.12.29"]
[Round "6.39"]
[White "Guseva, Marina"]
[Black "Paehtz, Elisabeth"]
[Result "0-1"]
[WhiteElo "2408"]
[BlackElo "2487"]
[Annotator "ChessBase"]
[PlyCount "56"]
[EventDate "2018.12.19"]
[EventType "swiss"]
[EventCountry "RUS"]
[SourceTitle "playchess.com"]
[Source "ChessBase"]
[SourceQuality "1"]

1. d4 d6 2. c4 g6 3. e4 Bg7 4. Nc3 Nc6 5. Be3 e5 6. d5 Nd4 7. Nge2 c5 8. dxc6 Nxc6 9. Nd5 Be6 10. Nec3 Nge7 11. Be2 O-O 12. O-O Nd4 13. Bg4 f5 14. Bg5 Ndc6 15. exf5 gxf5 16. Be2 Qd7 17. Qd2 Ng6 18. Rad1 Nd4 19. Rfe1 Rac8 20. Bf1 f4 21. Bd3 Bf5 22. Bxf5 Nxf5 23. Ne4 Qe6 24. h4 Ngxh4 25. Bxh4 Nxh4 26. Ng5 Qg4 27. Ne7+ Kh8 28. f3 Qxg5 0-1

[Event "FIDE World Blitz-ch Women 2018"]
[Site "St. Petersburg"]
[Date "2018.12.29"]
[Round "6.40"]
[White "Gritsayeva, Oksana"]
[Black "Strutinskaia, Galina"]
[Result "0-1"]
[WhiteElo "2378"]
[BlackElo "2201"]
[Annotator "NA"]
[PlyCount "88"]
[EventDate "2018.12.19"]
[EventType "swiss"]
[EventCountry "RUS"]
[SourceTitle "playchess.com"]
[Source "ChessBase"]
[SourceQuality "1"]

1. e4 c5 2. b4 cxb4 3. a3 e6 4. axb4 Bxb4 5. c3 Be7 6. d4 d6 7. Bd3 Nc6 8. Na3 Bd7 9. Nc2 Nf6 10. f4 O-O 11. e5 Ne8 12. Qh5 g6 13. Qe2 f6 14. Nf3 a6 15. Bd2 Ng7 16. exf6 Bxf6 17. g4 Bh4+ 18. Kd1 Be7 19. Ng5 Bxg5 20. fxg5 e5 21. d5 Qc8 22. h3 Nd8 23. Ne3 b5 24. Be4 Nb7 25. h4 Nc5 26. Bc2 e4 27. h5 Nd3 28. Bxd3 exd3 29. Qxd3 Bxg4+ 30. Nxg4 Qxg4+ 31. Kc2 Rf3 32. Qd4 Qxd4 33. cxd4 Nxh5 34. Rhe1 Ng7 35. Bb4 Nf5 36. Kd2 Nxd4 37. Kc1 Nb3+ 38. Kb2 Nxa1 39. Kxa1 Rf5 40. Bxd6 Rxd5 41. Ba3 Rxg5 42. Bb2 Rf5 43. Re7 Rf7 44. Re6 a5 0-1

[Event "FIDE World Blitz-ch Women 2018"]
[Site "St. Petersburg"]
[Date "2018.12.29"]
[Round "6.41"]
[White "Batsiashvili, Nino"]
[Black "Solozhenkina, Elizaveta"]
[Result "1/2-1/2"]
[WhiteElo "2459"]
[BlackElo "2258"]
[Annotator "TA"]
[PlyCount "118"]
[EventDate "2018.12.19"]
[EventType "swiss"]
[EventCountry "RUS"]
[SourceTitle "playchess.com"]
[Source "ChessBase"]
[SourceQuality "1"]

1. Nf3 Nf6 2. e3 e6 3. c4 d5 4. b3 Bd6 5. Bb2 O-O 6. Nc3 b6 7. Qc2 a6 8. d4 Bb7 9. Bd3 Nbd7 10. a3 Qe7 11. cxd5 exd5 12. Ne2 Ne4 13. b4 Rac8 14. Ng3 g6 15. Qe2 Ra8 16. Rc1 f5 17. O-O h5 18. Rfd1 h4 19. Nf1 Rf7 20. Rc2 g5 21. h3 Rg7 22. Rdc1 c6 23. Ne5 Nxe5 24. dxe5 Bxe5 25. f3 Nd6 26. Bd4 Bxd4 27. exd4 a5 28. Ne3 Qf6 29. Rd1 Re7 30. Qf2 axb4 31. axb4 Rae8 32. Nf1 Kg7 33. Ra1 b5 34. Ra7 Nc4 35. Bxc4 dxc4 36. Qd2 Rd8 37. Qf2 Qxd4 38. Qxd4+ Rxd4 39. Ne3 Rxe3 40. Rxb7+ Kf6 41. Rc7 Rd6 42. Kf2 Re7 43. Rc8 Rde6 44. Ra2 Rd7 45. Rc2 Rde7 46. Ra2 Rd6 47. Rc2 Kf7 48. Ra2 Re8 49. Rc7+ Re7 50. Rc8 Kf6 51. Rc2 Red7 52. Rf8+ Kg6 53. Rg8+ Rg7 54. Rc8 Ra7 55. Rg8+ Kf6 56. Rf8+ Rf7 57. Rc8 Re7 58. Rf8+ Rf7 59. Rc8 Re7 1/2-1/2

[Event "FIDE World Blitz-ch Women 2018"]
[Site "St. Petersburg"]
[Date "2018.12.29"]
[Round "6.42"]
[White "Diakonova, Ekaterina"]
[Black "Atalik, Ekaterina"]
[Result "0-1"]
[WhiteElo "2225"]
[BlackElo "2447"]
[Annotator "NA"]
[PlyCount "58"]
[EventDate "2018.12.19"]
[EventType "swiss"]
[EventCountry "RUS"]
[SourceTitle "playchess.com"]
[Source "ChessBase"]
[SourceQuality "1"]

1. e4 c6 2. d4 d5 3. e5 Bf5 4. h4 h5 5. c4 dxc4 6. Bxc4 e6 7. Nc3 Nd7 8. Nge2 Ne7 9. Bg5 Qa5 10. Ng3 Bg6 11. O-O Nd5 12. Nxd5 cxd5 13. Be2 Be7 14. Qc1 Bxg5 15. Qxg5 Qd8 16. Qd2 Qxh4 17. Rac1 Qd8 18. Qb4 h4 19. Nh1 Nb6 20. a4 Qe7 21. Bb5+ Kf8 22. Qd2 h3 23. g4 h2+ 24. Kg2 Qh4 25. Ng3 Qxg4 26. a5 Be4+ 27. f3 h1=Q+ 28. Rxh1 Qxf3+ 29. Kg1 Qxg3+ 0-1